000
00305nam a22001337a 4500
008
170529b xxu||||| |||| 00| 0 eng d
020
_a
021088
041
_a
eng
080
_a
93
100
_a
16
101
_a
SHH
245
_a
SOCIAL ORIGINGS OF DICTATORSHIP AND DEMOCRACY
_c
MOORE, B
942
_2
udc
_c
BK
999
_c
14944
_d
14944